[Event "Russian Championship B15 1st league 2016"]
[Site "Loo"]
[Date "2016.04.22"]
[Round "3.30"]
[White "Petrov, Nikolay"]
[Black "Ananjev, Ilija"]
[Result "1-0"]
[WhiteElo "1788"]
[BlackElo "1624"]
[PlyCount "65"]
[EventDate "2016.04.20"]

1. d4 Nf6 2. c4 g6 3. Nf3 d5 4. g3 c6 5. Bg2 Bg7 6. O-O O-O 7. Nc3 Nbd7 8. cxd5
cxd5 9. Bf4 a6 10. Ne5 e6 11. a4 Nh5 12. Nxd7 Qxd7 13. Be3 b6 14. Qb3 Rb8 15.
Bf3 Qd8 16. Bxh5 gxh5 17. Bf4 Rb7 18. Qd1 f5 19. e3 Qe8 20. Bd6 Rf6 21. h4 Rd7
22. Be5 Rg6 23. Ne2 Bxe5 24. dxe5 a5 25. Nf4 Rg4 26. Qd4 Qd8 27. Rfc1 Ba6 28.
Rc6 Qxh4 29. Qxb6 Bb7 30. Rc7 Qe7 31. Rac1 Rg7 32. Rxd7 Qxd7 33. Nxh5 1-0

[Event "Russian Championship B15 1st league 2016"]
[Site "Loo"]
[Date "2016.04.22"]
[Round "3.31"]
[White "Matchenya, Ivan"]
[Black "Pynko, Alexander"]
[Result "1-0"]
[WhiteElo "1770"]
[BlackElo "1615"]
[PlyCount "109"]
[EventDate "2016.04.20"]

1. e4 e5 2. Nf3 Nc6 3. Bb5 Nf6 4. d3 d6 5. c3 a6 6. Ba4 Be7 7. O-O O-O 8. h3
Be6 9. Nbd2 b5 10. Bc2 d5 11. Re1 Bd6 12. Nf1 h6 13. Ng3 Nd7 14. exd5 Bxd5 15.
d4 Re8 16. Nf5 Qf6 17. Be3 e4 18. N3h4 Ne7 19. Nxe7+ Bxe7 20. g3 Qe6 21. Qg4
Bxh4 22. Qxh4 Nf6 23. g4 Bxa2 24. g5 hxg5 25. Qxg5 Bd5 26. Kh2 Nh7 27. Qg3 c6
28. Rg1 Qf6 29. Bf4 Nf8 30. Be5 Qg6 31. Qf4 Ne6 32. Rxg6 Nxf4 33. Rxg7+ Kf8 34.
Rg4 Ng6 35. Bd6+ Kg7 36. Rag1 Kh7 37. h4 Re6 38. Bg3 f5 39. Rg5 Rf8 40. h5 Nh8
41. Be5 f4 42. Rg7+ Kh6 43. R7g4 Kxh5 44. Rg5+ Kh6 45. Bg7+ Kh7 46. Rh5+ Kg8
47. Rxh8+ Kf7 48. Rxf8+ Ke7 49. Rxf4 Kd6 50. Bf8+ Kd7 51. Rg7+ Kc8 52. Bc5 Rh6+
53. Kg3 Rh8 54. Rf8+ Rxf8 55. Bxf8 1-0

[Event "Russian Championship B15 1st league 2016"]
[Site "Loo"]
[Date "2016.04.22"]
[Round "3.32"]
[White "Korobov, Ivan"]
[Black "Balashov, Egor"]
[Result "1/2-1/2"]
[WhiteElo "1767"]
[BlackElo "1596"]
[PlyCount "66"]
[EventDate "2016.04.20"]

1. e4 e6 2. d4 d5 3. exd5 exd5 4. c4 Bb4+ 5. Nc3 Ne7 6. Nf3 O-O 7. a3 Bxc3+ 8.
bxc3 Re8 9. Be2 dxc4 10. O-O b5 11. a4 c6 12. Re1 Nd5 13. Qc2 Nd7 14. Bg5 f6
15. Bh4 Bb7 16. Bg3 a6 17. Nd2 N7b6 18. a5 Na4 19. Nxc4 Naxc3 20. Nd6 Rxe2 21.
Rxe2 Nxe2+ 22. Qxe2 Bc8 23. Re1 Bd7 24. Qd2 Ra7 25. h3 g6 26. Ne4 Be6 27. Rc1
Qe8 28. Nc5 Bf7 29. Re1 Qc8 30. Bd6 Qd8 31. Bg3 Qc8 32. Bd6 Qd8 33. Bg3 Qc8
1/2-1/2

[Event "Russian Championship B15 1st league 2016"]
[Site "Loo"]
[Date "2016.04.22"]
[Round "3.33"]
[White "Tikhonov, Viacheslav"]
[Black "Koliev, Irlan"]
[Result "1/2-1/2"]
[WhiteElo "1611"]
[BlackElo "1737"]
[PlyCount "140"]
[EventDate "2016.04.20"]

1. d4 f5 2. Nf3 e6 3. Bf4 Nf6 4. e3 Be7 5. c4 d5 6. Nc3 c6 7. Bd3 O-O 8. Qc2
Ne4 9. g4 Ng5 10. Bxg5 Bxg5 11. Nxg5 Qxg5 12. gxf5 dxc4 13. Bxc4 Qxf5 14. Qxf5
Rxf5 15. Ne4 b5 16. Nd6 bxc4 17. Nxc8 Rb5 18. O-O Nd7 19. Ne7+ Kf7 20. Nxc6
Rxb2 21. Rfc1 Nb6 22. Ne5+ Kf6 23. Nxc4 Nxc4 24. Rxc4 Rab8 25. Rac1 Rd2 26. Rf1
h5 27. Kg2 h4 28. d5 exd5 29. Rxh4 Rxa2 30. Rd4 Ke5 31. Rfd1 Rb5 32. Kg3 a5 33.
f4+ Ke6 34. f5+ Ke5 35. Rg4 Rbb2 36. Rgd4 Rg2+ 37. Kh3 Rxh2+ 38. Kg3 Rhg2+ 39.
Kh3 Kxf5 40. Rxd5+ Kg6 41. Rd6+ Kh5 42. R1d5+ Rg5 43. Rxg5+ Kxg5 44. Rd5+ Kf6
45. Rd6+ Ke7 46. Ra6 a4 47. Kg4 a3 48. Kf5 Ra1 49. Ke5 a2 50. Ra7+ Kf8 51. Ke6
Kg8 52. Ke7 Kh7 53. e4 Kg6 54. e5 Kf5 55. e6 Kg6 56. Ke8 Re1 57. Rxa2 Rxe6+ 58.
Kf8 Kh7 59. Rh2+ Rh6 60. Rg2 Rf6+ 61. Ke7 Rf4 62. Rh2+ Kg6 63. Rg2+ Kh6 64.
Rh2+ Kg5 65. Rg2+ Rg4 66. Ra2 Rg3 67. Kf7 Kf4 68. Ra4+ Ke5 69. Ra5+ Kd6 70.
Ra6+ Kc5 1/2-1/2

[Event "Russian Championship B15 1st league 2016"]
[Site "Loo"]
[Date "2016.04.22"]
[Round "3.34"]
[White "Fominov, Andrei"]
[Black "Shushakov, Andrey"]
[Result "1-0"]
[WhiteElo "1730"]
[BlackElo "1550"]
[PlyCount "101"]
[EventDate "2016.04.20"]

1. d4 Nf6 2. c4 c5 3. Nf3 e6 4. g3 cxd4 5. Nxd4 Be7 6. Bg2 Nc6 7. e3 O-O 8. O-O
Nxd4 9. exd4 Qc7 10. b3 d5 11. Qe2 b6 12. Bb2 Bb7 13. Nd2 dxc4 14. Bxb7 Qxb7
15. bxc4 Rac8 16. Rac1 Rc7 17. Qf3 Qxf3 18. Nxf3 Rfc8 19. Nd2 Bb4 20. Bc3 Ba3
21. Rc2 Ne8 22. Rb1 Be7 23. Rbc1 Bf6 24. Bb2 Nd6 25. Kf1 b5 26. c5 b4 27. Nb3
Nb5 28. Rc4 a5 29. Nxa5 Ra7 30. Nb3 Rxa2 31. Rxb4 Nc7 32. Rc2 Nd5 33. Rb7 e5
34. Nc1 Ra5 35. dxe5 Be7 36. Rd2 Raxc5 37. Ba3 Rc3 38. Bxe7 Rxc1+ 39. Kg2 Nxe7
40. Rxe7 R1c6 41. Rdd7 Rf8 42. f4 Rc2+ 43. Kh3 Rc6 44. f5 Rc5 45. g4 Rc3+ 46.
Kh4 Rc2 47. e6 Rxh2+ 48. Kg3 Ra2 49. exf7+ Kh8 50. Rd8 Ra3+ 51. Kh4 1-0

[Event "Russian Championship B15 1st league 2016"]
[Site "Loo"]
[Date "2016.04.22"]
[Round "3.35"]
[White "Kulakov, Ilya"]
[Black "Fomichev, Ilya"]
[Result "0-1"]
[WhiteElo "1599"]
[BlackElo "1723"]
[PlyCount "124"]
[EventDate "2016.04.20"]

1. d4 d5 2. c4 e6 3. Nc3 c6 4. Nf3 Nf6 5. Bg5 Nbd7 6. e3 Be7 7. cxd5 Nxd5 8.
Bxe7 Qxe7 9. e4 Nxc3 10. bxc3 O-O 11. Bd3 f5 12. O-O f4 13. e5 g5 14. h3 Kh8
15. Qe2 Rg8 16. Nh2 Qf7 17. Ng4 Qg7 18. Qe4 h5 19. Nh2 Nf8 20. Qf3 Qf7 21. g4
Ng6 22. gxh5 Nh4 23. Qg4 Bd7 24. Kh1 Be8 25. Nf3 Nxf3 26. Qxf3 Qxh5 27. Qxh5+
Bxh5 28. f3 Bg6 29. Bxg6 Rxg6 30. Rab1 b6 31. Rb2 Kg7 32. Kg2 Rh6 33. Rh1 Kg6
34. Rb4 Rh7 35. Rb3 Rc8 36. Rd1 Kf5 37. Rb2 Rd7 38. Rbd2 Rcd8 39. Kf2 c5 40.
Kg1 cxd4 41. cxd4 Rc7 42. Kh1 a6 43. Rg1 Rg8 44. Rgd1 Rc3 45. Kg2 Rgc8 46. Kf2
Rc1 47. Ke2 R8c3 48. Rxc1 Rxc1 49. Kf2 Rc7 50. Ke1 b5 51. Kd1 Rc3 52. Ke2 Re3+
53. Kf2 a5 54. Kg2 b4 55. Kf2 a4 56. d5 exd5 57. Rxd5 Rxe5 58. Rd2 Rb5 59. Ke2
b3 60. axb3 axb3 61. Rb2 Re5+ 62. Kf2 Re3 0-1

[Event "Russian Championship B15 1st league 2016"]
[Site "Loo"]
[Date "2016.04.22"]
[Round "3.36"]
[White "Tsarkov, Mikhail"]
[Black "Morgachev, Sergey"]
[Result "0-1"]
[WhiteElo "1398"]
[BlackElo "1721"]
[PlyCount "132"]
[EventDate "2016.04.20"]

1. e4 e6 2. d4 d5 3. Nc3 dxe4 4. Nxe4 Nd7 5. Nf3 Ngf6 6. Nxf6+ Nxf6 7. Bd3 c5
8. dxc5 Bxc5 9. O-O O-O 10. Bg5 h6 11. Bh4 Be7 12. Ne5 Qc7 13. Ng4 Nxg4 14.
Qxg4 Bxh4 15. Qxh4 Bd7 16. Rad1 Bc6 17. Rd2 Qa5 18. b4 Qb6 19. a3 a5 20. Rb1
axb4 21. axb4 Ra4 22. c3 Rfa8 23. Qg3 Rc8 24. h3 Bb5 25. c4 Be8 26. c5 Qc7 27.
Qf3 Rd8 28. Re2 Kh8 29. Qe4 g6 30. Qf3 Ra3 31. Qf6+ Kh7 32. Be4 Rb3 33. Ree1
Rxb1 34. Rxb1 Rd2 35. b5 Bxb5 36. g3 Bd3 37. Bxd3 Rxd3 38. Rc1 Kg8 39. Qa1 Qd8
40. Qa4 Qd7 41. Qa8+ Kg7 42. Qa1+ Kh7 43. Qf6 Kg8 44. Qa1 Qd4 45. Qa8+ Kg7 46.
Kg2 Rd2 47. Rf1 Qxc5 48. Qxb7 Qd5+ 49. Qxd5 Rxd5 50. Kf3 g5 51. Re1 Kf6 52. Kg4
Rf5 53. Re2 Kg6 54. f4 h5+ 55. Kf3 gxf4 56. gxf4 Ra5 57. Re3 Kf5 58. Kg3 Rb5
59. Kf3 f6 60. Kg3 Rb4 61. Rf3 h4+ 62. Kg2 Rxf4 63. Ra3 e5 64. Ra5 Rb4 65. Kf3
Rb3+ 66. Kg2 Kf4 0-1

[Event "Russian Championship B15 1st league 2016"]
[Site "Loo"]
[Date "2016.04.22"]
[Round "3.37"]
[White "Karamov, Stepan"]
[Black "Vashchenko, Lev"]
[Result "1-0"]
[WhiteElo "1707"]
[BlackElo "1469"]
[PlyCount "87"]
[EventDate "2016.04.20"]

1. d4 Nf6 2. Nf3 d5 3. c4 e6 4. Bg5 Nbd7 5. cxd5 exd5 6. e3 c6 7. Nc3 Be7 8.
Bd3 O-O 9. O-O h6 10. Bh4 Ne4 11. Bxe7 Qxe7 12. Qc2 f5 13. Rae1 Re8 14. a3 Ndf6
15. Ne5 Be6 16. f3 Nd6 17. Na4 Rad8 18. Nc5 Bc8 19. b4 a6 20. a4 Qc7 21. Qb1 a5
22. Rf2 axb4 23. Qxb4 b6 24. Nb3 c5 25. Qc3 c4 26. Bc2 Nf7 27. Nxf7 Qxf7 28.
Nd2 Qd7 29. Rfe2 Ba6 30. Nf1 Rb8 31. Ng3 g6 32. e4 fxe4 33. fxe4 dxe4 34. Bxe4
Kg7 35. h4 Qxa4 36. Bc2 Qd7 37. h5 Nd5 38. Qf3 Rxe2 39. Qxe2 Nb4 40. Qe5+ Kg8
41. Qxb8+ Bc8 42. Bxg6 Qxd4+ 43. Kf1 Qf6+ 44. Nf5 1-0

[Event "Russian Championship B15 1st league 2016"]
[Site "Loo"]
[Date "2016.04.22"]
[Round "3.38"]
[White "Kumakov, Ivan"]
[Black "Ovcharenko, Iliya"]
[Result "1/2-1/2"]
[WhiteElo "1697"]
[BlackElo "1393"]
[PlyCount "59"]
[EventDate "2016.04.20"]

1. d4 Nf6 2. Nf3 c5 3. e3 d5 4. Bd3 e6 5. Nbd2 Nc6 6. b3 cxd4 7. exd4 Bb4 8.
Bb2 O-O 9. O-O Bd7 10. Ne5 Bd6 11. f4 Qb6 12. Ndf3 Rac8 13. c3 Bxe5 14. fxe5
Ng4 15. Ng5 Ncxe5 16. Bxh7+ Kh8 17. Kh1 f6 18. dxe5 fxg5 19. Qxg4 Kxh7 20. Qxg5
Qb5 21. Rf4 Rxf4 22. Qxf4 Qe2 23. Ba3 Rxc3 24. Rf1 Qe3 25. Qh4+ Qh6 26. Qd4 Qe3
27. Qh4+ Qh6 28. Qd4 Qe3 29. Qh4+ Qh6 30. Qd4 1/2-1/2

[Event "Russian Championship B15 1st league 2016"]
[Site "Loo"]
[Date "2016.04.22"]
[Round "3.39"]
[White "Ardasenov, Soslan"]
[Black "Pontis, Stanislav"]
[Result "1-0"]
[WhiteElo "1690"]
[BlackElo "1377"]
[PlyCount "163"]
[EventDate "2016.04.20"]

1. d4 Nf6 2. Bf4 g6 3. e3 Bg7 4. Nf3 d6 5. h3 Nfd7 6. c3 e5 7. Bg5 f6 8. Bh4 c6
9. dxe5 Nxe5 10. Nxe5 dxe5 11. Qb3 Qb6 12. Bc4 Qxb3 13. Bxb3 Bf5 14. O-O Nd7
15. Rd1 O-O-O 16. g4 Be4 17. Nd2 Bd3 18. Be6 Rhe8 19. Bxd7+ Rxd7 20. Nb3 b6 21.
Rd2 Re6 22. Rad1 Red6 23. Nc1 e4 24. Nxd3 Rxd3 25. Rxd3 exd3 26. b3 f5 27. c4
Bc3 28. gxf5 gxf5 29. Kg2 Rd6 30. Bg3 Rd7 31. Kf3 d2 32. Kf4 Rf7 33. h4 Kd7 34.
f3 Ke6 35. Bf2 h6 36. e4 fxe4+ 37. Kxe4 b5 38. Be3 Rd7 39. cxb5 cxb5 40. Bxh6
Rd5 41. Bg5 Re5+ 42. Kd3 Re1 43. Kc2 Rxd1 44. Kxd1 Kd5 45. Bxd2 Bf6 46. Bg5 Bg7
47. Ke2 a5 48. a4 bxa4 49. bxa4 Bc3 50. f4 Bb4 51. h5 Ke6 52. Kd3 Kf5 53. Kd4
Bf8 54. h6 Ba3 55. Kd5 Bb2 56. Kd6 Ba3+ 57. Kc6 Kg6 58. Kd5 Bb4 59. Bd8 Bd2 60.
Bg5 Bb4 61. Kc6 Ba3 62. Kd7 Kf7 63. f5 Bf8 64. Kc6 Bb4 65. Kb5 Bc3 66. Bd8 Bd2
67. Bxa5 Bxh6 68. Bc3 Be3 69. a5 Ba7 70. Kc6 Be3 71. a6 Ba7 72. Kb7 Bc5 73. a7
Bxa7 74. Kxa7 Ke7 75. Kb6 Kd6 76. f6 Ke6 77. Kc6 Kf7 78. Kd7 Kf8 79. Ke6 Ke8
80. f7+ Kf8 81. Bb4+ Kg7 82. f8=Q+ 1-0

[Event "Russian Championship B15 1st league 2016"]
[Site "Loo"]
[Date "2016.04.22"]
[Round "3.42"]
[White "Shengeliya, Mikhail"]
[Black "Frolkin, Nikita"]
[Result "1-0"]
[WhiteElo "1910"]
[BlackElo "1602"]
[PlyCount "73"]
[EventDate "2016.04.20"]

1. e4 c5 2. f4 d6 3. Nf3 Nc6 4. Bb5 g6 5. Nc3 Bg7 6. d3 Nf6 7. O-O O-O 8. Bxc6
bxc6 9. Qe1 Qc7 10. h3 h6 11. Be3 Rb8 12. Rb1 Nd7 13. Qh4 Bb7 14. f5 g5 15. Qg3
Rbc8 16. h4 d5 17. Qxc7 Rxc7 18. hxg5 d4 19. Bf4 dxc3 20. Bxc7 hxg5 21. bxc3
Ba6 22. Nxg5 Bxc3 23. Rf3 Kg7 24. Rg3 Rh8 25. Nf3+ Kf6 26. Bf4 Bd4+ 27. Nxd4
cxd4 28. Bg5+ Ke5 29. Bxe7 Re8 30. Bg5 c5 31. Rb3 Ra8 32. Ra3 Bb5 33. Ra5 a6
34. a4 Bc6 35. Be7 Kf4 36. Bd6+ Ne5 37. Rf3+ 1-0

[Event "Russian Championship B15 1st league 2016"]
[Site "Loo"]
[Date "2016.04.22"]
[Round "3.43"]
[White "Tsopanov, Mikhail"]
[Black "Yashmetov, Nikolay"]
[Result "0-1"]
[WhiteElo "1572"]
[BlackElo "1896"]
[PlyCount "64"]
[EventDate "2016.04.20"]

1. c4 e5 2. Nc3 Nf6 3. g3 d5 4. cxd5 Nxd5 5. Bg2 Nb6 6. d3 Be7 7. Nf3 Nc6 8.
O-O Be6 9. Be3 f5 10. a3 O-O 11. Rc1 Bf6 12. Na4 Nxa4 13. Qxa4 Bd5 14. Rfd1 a6
15. b4 Nd4 16. Nxd4 exd4 17. Bxd5+ Qxd5 18. Bf4 c6 19. Rc5 Qe6 20. Qc2 g5 21.
Bc1 Kg7 22. a4 Rae8 23. e3 dxe3 24. Bxe3 f4 25. gxf4 gxf4 26. Bxf4 Bd4 27. Rg5+
Kh8 28. Bg3 h6 29. Rh5 Bxf2+ 30. Kg2 Bxg3 31. hxg3 Qg4 32. Qc3+ Kh7 0-1

[Event "Russian Championship B15 1st league 2016"]
[Site "Loo"]
[Date "2016.04.22"]
[Round "3.44"]
[White "Gozgeshev, Eldar"]
[Black "Prokofiev, Matvey"]
[Result "0-1"]
[WhiteElo "1567"]
[BlackElo "1875"]
[PlyCount "120"]
[EventDate "2016.04.20"]

1. c4 Nf6 2. Nc3 c5 3. Nf3 e6 4. g3 d5 5. cxd5 exd5 6. d4 Nc6 7. Bg2 Bg4 8.
dxc5 Bxc5 9. O-O d4 10. Na4 Be7 11. b3 O-O 12. Nb2 Ne4 13. e3 Bf6 14. Qd3 Nc3
15. Re1 Bxf3 16. Bxf3 Nb4 17. Qd2 dxe3 18. Rxe3 Qxd2 19. Bxd2 Nc2 20. Bxc3 Nxa1
21. Bxf6 gxf6 22. Bxb7 Rae8 23. Rf3 Re2 24. Nd3 Rxa2 25. Rxf6 Nxb3 26. Bd5 Ra1+
27. Kg2 Rd1 28. Nf4 Nc5 29. Rd6 Rb1 30. Rh6 Rb6 31. Rh5 Nd7 32. Bc4 Nf6 33. Ra5
Ra8 34. Nd5 Nxd5 35. Bxd5 Rd8 36. Be4 Rd7 37. Rg5+ Kh8 38. h4 h6 39. Re5 Re6
40. Rxe6 fxe6 41. f4 a5 42. Bc6 Rc7 43. Bb5 Kg7 44. Kf3 Rc3+ 45. Kg4 Ra3 46.
Bc4 e5 47. Bd5 exf4 48. Kxf4 a4 49. g4 Ra1 50. Bc4 a3 51. Kf5 a2 52. Bxa2 Rxa2
53. h5 Ra5+ 54. Kf4 Kf6 55. Ke4 Kg5 56. Kf3 Ra3+ 57. Kg2 Kxg4 58. Kf2 Rb3 59.
Ke2 Kf4 60. Kd2 Ke4 0-1

[Event "Russian Championship B15 1st league 2016"]
[Site "Loo"]
[Date "2016.04.22"]
[Round "3.45"]
[White "Petrovsky, Andrey"]
[Black "Anikiev, Yan"]
[Result "1-0"]
[WhiteElo "1756"]
[BlackElo "1628"]
[PlyCount "119"]
[EventDate "2016.04.20"]

1. e4 e5 2. Nc3 Nc6 3. Bc4 Bc5 4. Qg4 Nd4 5. Qxg7 Qf6 6. Qxf6 Nxf6 7. Bb3 Rg8
8. g3 d6 9. f3 Be6 10. Nce2 Nxb3 11. axb3 d5 12. d3 dxe4 13. dxe4 O-O-O 14. Nc3
Kb8 15. Nge2 Bh3 16. Na4 Bg2 17. Nxc5 Bxh1 18. Kf2 b6 19. Nd3 Nxe4+ 20. fxe4
Bxe4 21. Ke3 Bxd3 22. cxd3 f5 23. Ra4 Rge8 24. Bd2 f4+ 25. Ke4 f3 26. Nc3 f2
27. Ra1 Rd4+ 28. Ke3 Rf8 29. Rf1 Rb4 30. Rxf2 Rxf2 31. Kxf2 Rxb3 32. Bc1 a5 33.
Ke3 Rb4 34. Nd5 Rd4 35. Nf6 h6 36. Bd2 Rd6 37. Ng4 Re6 38. Bc3 h5 39. Nxe5 b5
40. Ke4 b4 41. Bd2 Kc8 42. Kd5 Rb6 43. Nc4 Rb5+ 44. Kc6 Rf5 45. Bf4 Rf7 46.
Nxa5 Rf6+ 47. Kc5 h4 48. Kxb4 h3 49. Nc4 Re6 50. Ne5 Rb6+ 51. Kc3 Ra6 52. Ng4
Rc6+ 53. Kd2 Rb6 54. Kc3 Rc6+ 55. Kd4 Rc2 56. Ke3 Rxb2 57. Nf2 Kd7 58. g4 c6
59. Nxh3 Rg2 60. Nf2 1-0

[Event "Russian Championship B15 1st league 2016"]
[Site "Loo"]
[Date "2016.04.22"]
[Round "3.46"]
[White "Fokeev, Boris"]
[Black "Sadovnikov, Konstantin"]
[Result "1-0"]
[WhiteElo "1478"]
[BlackElo "1695"]
[PlyCount "145"]
[EventDate "2016.04.20"]

1. e4 c5 2. c4 Nc6 3. Nc3 d6 4. g3 g6 5. Bg2 Bg7 6. Nge2 e6 7. O-O Nge7 8. d3
O-O 9. Be3 Nd4 10. Qd2 Rb8 11. Bh6 Nec6 12. Bxg7 Kxg7 13. f4 a6 14. g4 f5 15.
exf5 gxf5 16. g5 Nxe2+ 17. Qxe2 Nd4 18. Qh5 Qe8 19. Qh6+ Kg8 20. Rae1 Qg6 21.
Qh4 b5 22. b3 Bb7 23. Re3 Rf7 24. Rf2 Rd8 25. Ne2 Nc2 26. Rh3 e5 27. Bxb7 Rxb7
28. Qg3 bxc4 29. dxc4 e4 30. Rh6 Qg7 31. Nc3 Nb4 32. Rd2 Nd3 33. Nd5 Qd4+ 34.
Kg2 e3 35. Qxe3 Qxe3 36. Nxe3 Nxf4+ 37. Kg3 Ng6 38. Nxf5 Rbd7 39. Rd5 a5 40. h4
a4 41. h5 Ne7 42. Nxe7+ Rxe7 43. Rhxd6 Rf8 44. Rf6 Rxf6 45. gxf6 Rb7 46. bxa4
Ra7 47. Rxc5 Rxa4 48. Rc7 Rxa2 49. c5 h6 50. Kg4 Rf2 51. f7+ Kg7 52. c6 Rg2+
53. Kh3 Rc2 54. Kg3 Rc1 55. Kf4 Rf1+ 56. Ke5 Re1+ 57. Kd6 Kf8 58. Rd7 Rd1+ 59.
Kc7 Rc1 60. Kb7 Rb1+ 61. Kc8 Rb5 62. c7 Rxh5 63. Kd8 Rc5 64. c8=Q Rxc8+ 65.
Kxc8 h5 66. Kc7 Kg7 67. Kd6 Kf8 68. Ke6 Kg7 69. Ra7 h4 70. Ra3 h3 71. Rg3+ Kh7
72. f8=Q h2 73. Qg7# 1-0

[Event "Russian Championship B15 1st league 2016"]
[Site "Loo"]
[Date "2016.04.22"]
[Round "3.47"]
[White "Perov, German"]
[Black "Dyashkin, Dmitry"]
[Result "1-0"]
[WhiteElo "1676"]
[BlackElo "1531"]
[PlyCount "67"]
[EventDate "2016.04.20"]

1. e4 e6 2. d4 d5 3. exd5 exd5 4. c4 Nf6 5. Nc3 Be7 6. Bd3 dxc4 7. Bxc4 O-O 8.
Nf3 Bg4 9. O-O Nc6 10. d5 Ne5 11. Be2 Nxf3+ 12. Bxf3 Bxf3 13. Qxf3 Qd7 14. Bg5
h6 15. Bh4 b6 16. Rfe1 Rfe8 17. Re5 Qd6 18. Rae1 Kf8 19. Qf5 g6 20. Qh3 Kg7 21.
Nb5 Qc5 22. Qe3 Qxb5 23. Rxe7 Rxe7 24. Bxf6+ Kxf6 25. Qd4+ Kg5 26. Rxe7 Rd8 27.
h4+ Kh5 28. Re5+ f5 29. g4+ Kxh4 30. gxf5+ Kg5 31. fxg6+ Kxg6 32. Qg4+ Kf6 33.
Qf5+ Kg7 34. Re7+ 1-0

[Event "Russian Championship B15 1st league 2016"]
[Site "Loo"]
[Date "2016.04.22"]
[Round "3.48"]
[White "Voronkov, Evgeny"]
[Black "Shirinkin, Pavel"]
[Result "0-1"]
[WhiteElo "1379"]
[BlackElo "1676"]
[PlyCount "68"]
[EventDate "2016.04.20"]

1. e4 d5 2. exd5 Qxd5 3. Nc3 Qa5 4. d4 c6 5. Nf3 Nf6 6. Bd2 Qc7 7. Bc4 e6 8.
Ne5 Bd6 9. Bf4 Nbd7 10. Nxd7 Bxd7 11. Bxd6 Qxd6 12. Bb3 O-O 13. O-O Rad8 14.
Ne2 b5 15. c3 Nd5 16. Nc1 c5 17. dxc5 Qxc5 18. Nd3 Qb6 19. Ne5 Bc8 20. Qe2 Bb7
21. Rfd1 Qc7 22. Qxb5 a6 23. Qe2 Nf4 24. Qe3 Nxg2 25. Qg3 Rfe8 26. Ba4 Rxd1+
27. Rxd1 Rd8 28. Rxd8+ Qxd8 29. Nd7 Ne1 30. Nf6+ Kh8 31. Ne8 Nf3+ 32. Kf1 Qd3+
33. Kg2 Ng5+ 34. Kg1 Qb1+ 0-1

[Event "Russian Championship B15 1st league 2016"]
[Site "Loo"]
[Date "2016.04.22"]
[Round "3.49"]
[White "Konotop, Daniil"]
[Black "Stepanenko, Kirill"]
[Result "0-1"]
[WhiteElo "1473"]
[BlackElo "1670"]
[PlyCount "62"]
[EventDate "2016.04.20"]

1. e4 c5 2. Nf3 e6 3. d4 cxd4 4. Nxd4 a6 5. Nc3 d6 6. Bc4 Nf6 7. Bb3 b5 8. f3
Bb7 9. Bg5 Be7 10. Qd2 Nfd7 11. h4 Nc5 12. O-O-O O-O 13. g4 Nbd7 14. Rdg1 Ne5
15. Bxe7 Qxe7 16. h5 Nxb3+ 17. axb3 Rfc8 18. Kb1 b4 19. Na4 Nxf3 20. Qe3 Nxg1
21. Nb6 Qc7 22. Nxa8 Bxa8 23. h6 g6 24. Qf2 Qe7 25. Qe3 e5 26. Nf5 gxf5 27.
gxf5 Qf6 28. Rxg1+ Kf8 29. Rg7 Bxe4 30. Qxe4 Qxh6 31. Qg4 Qxg7 0-1

[Event "Russian Championship B15 1st league 2016"]
[Site "Loo"]
[Date "2016.04.22"]
[Round "3.50"]
[White "Dobrynin, Yaroslav"]
[Black "Maslov, Serafim"]
[Result "1-0"]
[WhiteElo "1668"]
[BlackElo "1341"]
[PlyCount "97"]
[EventDate "2016.04.20"]

1. e4 d5 2. exd5 Qxd5 3. Nc3 Qd6 4. d4 Nf6 5. Nf3 a6 6. Be2 Bf5 7. O-O Nc6 8.
a3 Rd8 9. Be3 e6 10. h3 Be7 11. Qd2 Qd7 12. Rad1 O-O 13. Bd3 Rfe8 14. Bxf5 exf5
15. d5 Qc8 16. Qc1 Nb8 17. Bf4 Bd6 18. Rfe1 g6 19. Bg5 Nbd7 20. Qd2 Rxe1+ 21.
Rxe1 Re8 22. Re2 Rxe2 23. Qxe2 Qe8 24. Bxf6 Qxe2 25. Nxe2 Nxf6 26. c4 b6 27. b4
Ne4 28. Ned4 Kf8 29. Kf1 a5 30. bxa5 bxa5 31. Nb5 Ke7 32. Ke2 Kd7 33. Nfd4 Nf6
34. Nc6 a4 35. Kd3 Ng8 36. Kd4 Ne7 37. c5 Bf4 38. Nxe7 Kxe7 39. g3 Bd2 40. Nxc7
Be1 41. d6+ Kd7 42. Kd5 Bxf2 43. c6+ Kd8 44. Na6 Bxg3 45. c7+ Kc8 46. Kc6 Bxd6
47. Kxd6 f4 48. Kc6 f3 49. Nb8 1-0

[Event "Russian Championship B15 1st league 2016"]
[Site "Loo"]
[Date "2016.04.22"]
[Round "3.51"]
[White "Medvedev, David"]
[Black "Shaidullin, Ratmir"]
[Result "0-1"]
[WhiteElo "1350"]
[BlackElo "1647"]
[PlyCount "27"]
[EventDate "2016.04.20"]

1. d4 f5 2. Nf3 Nf6 3. Bg5 e6 4. e3 d5 5. Bd3 c6 6. O-O Bd6 7. Nbd2 O-O 8. c4
h6 9. Bh4 Nbd7 10. c5 Be7 11. b4 b6 12. cxb6 axb6 13. a3 c5 14. Qb3 0-1

[Event "Russian Championship B15 1st league 2016"]
[Site "Loo"]
[Date "2016.04.22"]
[Round "3.52"]
[White "Prishibilovich, Matvei"]
[Black "Klyus, Nikita"]
[Result "1-0"]
[WhiteElo "1629"]
[BlackElo "1474"]
[PlyCount "41"]
[EventDate "2016.04.20"]

1. d4 d5 2. c4 e6 3. Nc3 Nf6 4. cxd5 Nxd5 5. e4 Nxc3 6. bxc3 c5 7. Be3 cxd4 8.
cxd4 Bb4+ 9. Ke2 Bd7 10. f3 Bb5+ 11. Kf2 Bxf1 12. Qxf1 Bc3 13. Qb5+ Nc6 14. Rd1
Qd7 15. Ne2 Bb4 16. d5 a6 17. dxc6 Qxd1 18. cxb7+ Qd7 19. bxa8=Q+ Ke7 20. Qxd7+
Kxd7 21. Qxh8 1-0

[Event "Russian Championship B15 1st league 2016"]
[Site "Loo"]
[Date "2016.04.22"]
[Round "3.54"]
[White "Mamoshin, Oleg"]
[Black "Volodin, Andrey"]
[Result "1-0"]
[WhiteElo "1655"]
[BlackElo "1410"]
[PlyCount "91"]
[EventDate "2016.04.20"]

1. e4 e5 2. Nf3 Nc6 3. Bb5 f5 4. Bxc6 dxc6 5. Nxe5 Qd4 6. Qh5+ g6 7. Nxg6 hxg6
8. Qxg6+ Kd8 9. Nc3 Nf6 10. d3 Ng4 11. Bg5+ Be7 12. Bxe7+ Kxe7 13. Qg5+ Qf6 14.
Qxf6+ Kxf6 15. h3 Be6 16. Ke2 Ne5 17. f4 Nd7 18. e5+ Ke7 19. Kf3 Rag8 20. Rag1
Rg7 21. Rh2 Rhg8 22. g3 Nb6 23. Ke2 Nd5 24. Nxd5+ cxd5 25. d4 b6 26. Kf3 c5 27.
c3 cxd4 28. cxd4 Rc8 29. g4 Rc4 30. Rd2 Rh7 31. Kg3 fxg4 32. hxg4 Rg7 33. Kf3
Kf7 34. Rgg2 Rc1 35. f5 Bc8 36. Rc2 Rf1+ 37. Rgf2 Rxf2+ 38. Rxf2 Ke8 39. Kf4
Kd8 40. Rg2 Rf7 41. f6 Rf8 42. g5 Be6 43. g6 Ke8 44. Rh2 a5 45. Rh7 Bg8 46. Rb7
1-0

[Event "Russian Championship B15 1st league 2016"]
[Site "Loo"]
[Date "2016.04.22"]
[Round "3.55"]
[White "Belov, Kirill"]
[Black "Dzagov, Kambulat"]
[Result "0-1"]
[WhiteElo "1360"]
[BlackElo "1651"]
[PlyCount "110"]
[EventDate "2016.04.20"]

1. e4 d5 2. exd5 Qxd5 3. Nc3 Qd6 4. d4 Nf6 5. Be3 Nc6 6. Qd2 Bf5 7. O-O-O O-O-O
8. a3 a6 9. Nf3 e6 10. Be2 Nd5 11. Nxd5 Qxd5 12. Kb1 Be7 13. Qc3 Bf6 14. Rd2
Rhe8 15. Rhd1 Qd6 16. g3 Qe7 17. Ne5 Bxe5 18. dxe5 Rxd2 19. Rxd2 Be4 20. f3 Bd5
21. Bc5 Qg5 22. f4 Qh6 23. Qe3 Qxh2 24. Bxa6 Qh1+ 25. Qg1 Qxg1+ 26. Bxg1 bxa6
27. Bc5 Rd8 28. Rf2 Be4 29. b4 Rd1+ 30. Kb2 Bf5 31. a4 Rg1 32. Rf3 Rg2 33. Rc3
Kd7 34. b5 axb5 35. axb5 Nd8 36. b6 cxb6 37. Bxb6 Nc6 38. Bc5 h5 39. Bd6 f6 40.
Rb3 Rxc2+ 41. Ka3 Kc8 42. Rb6 fxe5 43. fxe5 g5 44. Ka4 h4 45. gxh4 gxh4 46. Kb5
h3 47. Bc5 Na7+ 48. Kb4 h2 49. Ra6 h1=Q 50. Rxa7 Qe4+ 51. Kb5 Rb2+ 52. Ka5 Qe1+
53. Ka4 Qa1+ 54. Ba3 Bc2+ 55. Ka5 Qxa3# 0-1

[Event "Russian Championship B15 1st league 2016"]
[Site "Loo"]
[Date "2016.04.22"]
[Round "3.56"]
[White "Pochtarenko, Dmitrii"]
[Black "Riakhovskii, Mark"]
[Result "1-0"]
[WhiteElo "1647"]
[BlackElo "1360"]
[PlyCount "63"]
[EventDate "2016.04.20"]

1. e4 c5 2. Nf3 d6 3. c3 Nf6 4. h3 a6 5. Bd3 e6 6. Bc2 Be7 7. O-O Qc7 8. d4
cxd4 9. cxd4 Nbd7 10. Nc3 O-O 11. Qe2 Nb6 12. e5 Nfd5 13. Qe4 f5 14. Qe2 Nxc3
15. bxc3 Qxc3 16. Bb3 Qc7 17. exd6 Qxd6 18. Re1 Nd5 19. a4 Nc7 20. Ba3 Qd8 21.
Bxe7 Qxe7 22. d5 Re8 23. Rad1 Qb4 24. Qa2 exd5 25. Bxd5+ Kf8 26. Bg8 Ne6 27.
Bxe6 Bxe6 28. Rxe6 Rec8 29. Rde1 b5 30. Qd5 bxa4 31. Qxf5+ Kg8 32. Ng5 1-0